000 00253nam a2200097 a 4500
005 20200929163303.0
008 091126s1997 000 spa d
245 0 _aLecciones de derecho constitucional.
260 _aSanto Domingo,
_c1997.
999 _c13228
_d13228
040 _aDO-SdBNP